Normale Ansicht MARC-Ansicht ISBD

Etwas noch nie Dagewesenes: (Titelsatznr. 100263)

[ MARC ]
MARC-Details
000 -Satzkennung
Kontrollfeld mit fester Länge 00514nam a2200169 4500
008 - Feld mit fester Länge zur physischen Beschreibung - Allgemeine Angaben
Kontrollfeld mit fester Länge 210507b ||||| |||| 00| 0 eng d
040 ## - Katalogisierungsquelle
Original-Katalogisierungsstelle DE-2950
Katalogisierungssprache ger
Übertragungsstelle DE-2950
Beschreibungsfestlegungen rda
041 ## - Sprachcode
Sprachcode des Textes/der Tonspur oder des separaten Titels ger
245 ## - Titel
Haupttitel Etwas noch nie Dagewesenes:
Titelzusatz Ein Tomatenfest.
653 ## - Lokales Schlagwort
Nicht-normierter Term Frankfurt (Oder)
653 ## - Lokales Schlagwort
Nicht-normierter Term Tomatenanbau
773 ## - Übergeordnete Einheit
Ort, Verlag und Erscheinungsjahr Frankfurt (Oder) : Trowitzsch
Titel Der praktische Ratgeber im Obst- und Gartenbau
Verknüpfungsangaben 29.11.1903, Seite 444 f.
942 ## - Zusätzliche Felder (Koha)
Koha-Medientyp Aufsätze
Exemplare
Ausgeschieden Verloren Beschädigt Nicht entleihbar Permanenter Standort Aktueller Standort Aufstellungsort Eingabedatum Anzahl Ausleihen Signatur Letzte Aktivität Preis gültig von Medientyp
        Stadtarchiv Frankfurt (Oder) | Archivbibliothek Stadtarchiv Frankfurt (Oder) | Archivbibliothek Magazin 07/05/2021   IV: 0141 07/05/2021 07/05/2021 Aufsätze